Fikiran dan budaya Islam (Record no. 2344)

MARC details
000 -LEADER
fixed length control field 00717nam a2200265 i 4500
001 - CONTROL NUMBER
control field C2-0009268
003 - CONTROL NUMBER IDENTIFIER
control field PPAK
005 - DATE AND TIME OF LATEST TRANSACTION
control field 20190630221856.0
008 - FIXED-LENGTH DATA ELEMENTS--GENERAL INFORMATION
fixed length control field 970128s1990 my |||| ||||| | may d
020 ## - INTERNATIONAL STANDARD BOOK NUMBER
International Standard Book Number 9836214097
040 ## - CATALOGING SOURCE
Original cataloging agency PPAK
Language of cataloging eng
Transcribing agency PPAK
Description conventions rda
082 04 - DEWEY DECIMAL CLASSIFICATION NUMBER
Classification number 297.07
Edition number 23
090 00 - LOCALLY ASSIGNED LC-TYPE CALL NUMBER (OCLC); LOCAL CALL NUMBER (RLIN)
Classification number (OCLC) (R) ; Classification number, CALL (RLIN) (NR) 297.07
Feature heading ALF
Feature heading G
Classification number (OCLC) (R) ; Classification number, CALL (RLIN) (NR) 297.07
Feature heading ALF
Feature heading KIH
Classification number (OCLC) (R) ; Classification number, CALL (RLIN) (NR) 297.07
Feature heading ALF
Feature heading KSA
100 1# - MAIN ENTRY--PERSONAL NAME
Personal name Al-Faruqi, Ismail Raji,
Dates associated with a name 1921-1986
Relator term author
245 10 - TITLE STATEMENT
Title Fikiran dan budaya Islam
264 #1 - PRODUCTION, PUBLICATION, DISTRIBUTION, MANUFACTURE, AND COPYRIGHT NOTICE
Place of production, publication, distribution, manufacture Kuala Lumpur :
Name of producer, publisher, distributor, manufacturer Dewan Bahasa dan Pustaka ,
Date of production, publication, distribution, manufacture, or copyright notice 1990
300 ## - PHYSICAL DESCRIPTION
Extent 152 pages ;
Dimensions 22 cm
336 ## - CONTENT TYPE
Source rdacontent
Content type term text
337 ## - MEDIA TYPE
Source rdamedia
Media type term unmediated
338 ## - CARRIER TYPE
Source rdacarrier
Carrier type term volume
650 10 - SUBJECT ADDED ENTRY--TOPICAL TERM
Topical term or geographic name entry element Islam
942 ## - ADDED ENTRY ELEMENTS (KOHA)
-- dc
Koha item type Book
Holdings
Withdrawn Not for loan Current library Shelving location Date acquired Full call number Barcode Date last seen Koha item type
    Perpustakaan Alor Setar Pinjaman Dewasa 01/04/1998 297.07 ALF A00120057 08/05/2018 Book
  Not For Loan Perpustakaan Alor Setar Koleksi Ismail Hussein 28/07/1998 KIH 297.07 ALF A00178593 08/05/2018 Book
  Not For Loan Perpustakaan Alor Setar Koleksi Ismail Hussein 28/07/1998 KIH 297.07 ALF A00178594 08/05/2018 Book
  Not For Loan Perpustakaan Alor Setar Koleksi S.N. Shahnon Ahmad 05/08/1998 KSA 297.07 ALF A00200471 08/05/2018 Book
    Perpustakaan Kulim Pinjaman Dewasa 23/06/2003 297.07 ALF A00326059 08/05/2018 Book
    Perpustakaan Kulim Pinjaman Dewasa 22/06/2003 297.07 ALF A00321531 08/05/2018 Book